[Event "ch-FRA Blitz Online Qual"]
[Site "Europe-Chess INT"]
[Date "2020.05.16"]
[Round "12"]
[White "Delin, Valere"]
[Black "Samoun, Florent"]
[Result "0-1"]
[BlackTitle "FM"]
[WhiteElo "2043"]
[BlackElo "2299"]
[WhiteFideId "45107254"]
[BlackFideId "664995"]
[EventDate "2020.05.16"]

1. e4 e5 2. Nf3 f5 3. d3 Nc6 4. Nc3 Bc5 5. Be2 Nf6 6. O-O d6 7. Na4 Bb6 8. Nxb6
axb6 9. exf5 Bxf5 10. Nh4 Be6 11. f4 O-O 12. f5 Bd7 13. Bg5 h6 14. Bd2 Nd5 15.
Qe1 Nd4 16. Bf3 Bc6 17. Qg3 Ne7 18. Bxc6 Ne2+ 19. Kf2 Nxg3 20. Bxb7 Ngxf5 21.
Bxa8 Qxa8 22. Nxf5 Nxf5 23. Kg1 Nh4 24. Rxf8+ Kxf8 25. Rf1+ Kg8 26. Rf2 Qxa2 27.
Bc3 Qb1+ 0-1

[Event "ch-FRA Blitz Online Qual"]
[Site "Europe-Chess INT"]
[Date "2020.05.16"]
[Round "12"]
[White "Duquesne, Adrien"]
[Black "Testud, Philippe"]
[Result "1-0"]
[WhiteElo "2147"]
[BlackElo "2123"]
[WhiteFideId "20650582"]
[BlackFideId "611409"]
[EventDate "2020.05.16"]

1. d4 Nf6 2. c4 e6 3. Nc3 Bb4 4. e3 O-O 5. Nf3 c5 6. Bd3 d5 7. O-O dxc4 8. Bxc4
cxd4 9. exd4 b6 10. Bg5 Nbd7 11. Qe2 Bxc3 12. bxc3 Bb7 13. Rac1 Qc7 14. Bd3 Ng4
15. Be4 h6 16. Bxb7 Qxb7 17. Bf4 Ngf6 18. Rfe1 Rac8 19. c4 Rfe8 20. Qb2 Qa6 21.
Qb3 Red8 22. Bd6 Re8 23. a4 Nb8 24. Bxb8 Rxb8 25. Ne5 Rbc8 26. Ra1 Red8 27. Qe3
Qa5 28. g3 Rd6 29. Qf4 Rcd8 30. Red1 Qc3 31. Rac1 Qa3 32. Kg2 Qxa4 33. Ra1 Qc2
34. Rd2 Qe4+ 35. Qxe4 Nxe4 36. Re2 Rxd4 37. Nc6 a5 38. Nxd8 Nc3 39. Rc2 Rxc4 40.
Rac1 Rc8 41. Rxc3 Rxd8 42. Rc8 1-0

[Event "ch-FRA Blitz Online Qual"]
[Site "Europe-Chess INT"]
[Date "2020.05.16"]
[Round "12"]
[White "Carvallo, Henri"]
[Black "Chung, Mathilde"]
[Result "1-0"]
[BlackTitle "WFM"]
[WhiteElo "2069"]
[BlackElo "2083"]
[WhiteFideId "619914"]
[BlackFideId "676446"]
[EventDate "2020.05.16"]

1. d4 Nf6 2. Bf4 g6 3. e3 Bg7 4. Nf3 d6 5. Be2 O-O 6. h3 Nbd7 7. O-O c6 8. c4 b6
9. Nc3 Bb7 10. b4 Qc7 11. Bh2 e5 12. c5 bxc5 13. bxc5 Ne8 14. cxd6 Qxd6 15. Rc1
Qe7 16. Qb3 Nd6 17. Rfd1 exd4 18. Nxd4 Nc5 19. Qc2 Bxd4 20. Rxd4 Ne6 21. Rxd6
Rfd8 22. Rcd1 Rxd6 23. Rxd6 Rd8 24. Rxd8+ Qxd8 25. Bg3 Qa5 26. Bf3 Ng5 27. Ne4
Nxf3+ 28. gxf3 Qe1+ 29. Kg2 f5 30. Qb3+ Kg7 1-0

[Event "ch-FRA Blitz Online Qual"]
[Site "Europe-Chess INT"]
[Date "2020.05.16"]
[Round "12"]
[White "Mathieu, Phileas"]
[Black "Saba, Nathalie"]
[Result "1-0"]
[WhiteElo "2214"]
[BlackElo "1626"]
[WhiteFideId "36048410"]
[BlackFideId "26095939"]
[EventDate "2020.05.16"]

1. e4 c5 2. d4 cxd4 3. c3 e5 4. cxd4 exd4 5. Nf3 Nc6 6. Nxd4 Nf6 7. Nc3 Bc5 8.
Nb3 Bb6 9. Bc4 O-O 10. Bg5 d6 11. O-O Ne5 12. Be2 Ng6 13. Nd5 h6 14. Bxf6 gxf6
15. Bc4 f5 16. Qh5 fxe4 17. Nxb6 axb6 18. Qxg6+ 1-0

[Event "ch-FRA Blitz Online Qual"]
[Site "Europe-Chess INT"]
[Date "2020.05.16"]
[Round "12"]
[White "Bosc, Gabriel"]
[Black "Antao, Amory"]
[Result "0-1"]
[WhiteElo "1994"]
[BlackElo "2099"]
[WhiteFideId "26086743"]
[BlackFideId "36049700"]
[EventDate "2020.05.16"]

1. f4 Nc6 2. Nf3 Nf6 3. b3 g6 4. Bb2 Bg7 5. e3 O-O 6. Bb5 d6 7. Bxc6 bxc6 8. O-O
Bg4 9. Qe2 Ne8 10. Bxg7 Nxg7 11. Nc3 h5 12. Qf2 d5 13. Nd4 c5 14. Nc6 Qd6 15.
Ne5 Bd7 16. d3 a6 17. e4 d4 18. Nd5 Be6 19. Qf3 Bxd5 20. exd5 Nf5 21. c4 Ne3 22.
Rf2 Kg7 23. Re1 a5 24. Rxe3 dxe3 25. Qxe3 a4 26. g3 axb3 27. axb3 Ra1+ 28. Kg2
Rfa8 29. d4 cxd4 30. Qxd4 f6 31. Nf3 R8a5 32. f5 c5 33. Qc3 R5a2 34. fxg6 Rxf2+
35. Kxf2 Ra2+ 36. Kg1 Qa6 37. Qe3 Ra1+ 38. Kg2 Ra2+ 39. Kg1 Qd6 40. Nh4 Qe5 41.
Qxe5 fxe5 42. Nf5+ Kf6 43. g7 Ra8 44. Ne3 Kxg7 45. Kf2 Ra3 46. d6 exd6 47. Nf5+
Kg6 48. Nxd6 Rxb3 49. Ne4 Rb4 50. Nd6 Kg5 51. h3 Kf6 52. Kf3 Rb3+ 53. Kf2 Ke6
54. Ne4 Rb4 55. Nxc5+ Kf5 56. Nd3 Rxc4 57. g4+ hxg4 58. hxg4+ Rxg4 59. Ke3 Ra4
60. Ke2 Ra3 61. Nf2 e4 62. Nd1 Kf4 63. Nf2 Ra2+ 64. Ke1 Kf3 65. Nh3 Ra1+ 66. Kd2
e3+ 67. Kd3 Rd1+ 68. Kc2 Rd2+ 69. Kc1 Rg2 70. Kd1 Kg3 71. Ng5 Kg4 72. Ne4 Kf4
73. Nc3 Kf3 74. Nd5 Rg1+ 75. Kc2 e2 76. Nc3 e1=Q 0-1

[Event "ch-FRA Blitz Online Qual"]
[Site "Europe-Chess INT"]
[Date "2020.05.16"]
[Round "12"]
[White "Kieffer, Anatole"]
[Black "Hue, Victor"]
[Result "0-1"]
[WhiteElo "2094"]
[BlackElo "2038"]
[WhiteFideId "20650027"]
[BlackFideId "26045710"]
[EventDate "2020.05.16"]

1. e4 e5 2. Nf3 Nc6 3. Bc4 Bc5 4. d3 d6 5. c3 Nf6 6. O-O O-O 7. a4 a6 8. b4 Ba7
9. Nbd2 Ne7 10. Re1 Ng6 11. Nf1 a5 12. b5 c6 13. Bb3 d5 14. exd5 cxd5 15. Bg5 h6
16. Bxf6 gxf6 17. Qd2 Kh7 18. Ng3 Be6 19. Nh5 Bg4 20. Ng3 Rg8 21. Bd1 Be6 22. h3
Rc8 23. Nh2 f5 24. Bh5 Nf4 25. Rxe5 Qg5 26. Nf3 Qxg3 27. Bg4 0-1

[Event "ch-FRA Blitz Online Qual"]
[Site "Europe-Chess INT"]
[Date "2020.05.16"]
[Round "12"]
[White "Iglesias, Christophe"]
[Black "Kuhn, Clement"]
[Result "1-0"]
[BlackTitle "CM"]
[WhiteElo "1815"]
[BlackElo "2150"]
[WhiteFideId "551007584"]
[BlackFideId "36099775"]
[EventDate "2020.05.16"]

1. e4 c5 2. Ne2 Nc6 3. Nbc3 d6 4. d3 g6 5. g3 Bg7 6. Bg2 Rb8 7. O-O e6 8. f4
Nge7 9. Be3 Nd4 10. Bf2 O-O 11. Nxd4 cxd4 12. Ne2 Nc6 13. a3 Bd7 14. Qd2 Qb6 15.
Rab1 e5 16. c3 f5 17. b4 fxe4 18. dxe4 dxc3 19. Qd5+ Kh8 20. Bxb6 axb6 21. f5
gxf5 22. Qxd6 Nd4 23. Nxd4 exd4 24. Qxd7 Rbd8 25. Qc7 d3 26. exf5 d2 27. f6 Bh6
28. Be4 Be3+ 29. Kg2 Rd7 30. Qxd7 Rf7 31. Qxf7 1-0

[Event "ch-FRA Blitz Online Qual"]
[Site "Europe-Chess INT"]
[Date "2020.05.16"]
[Round "12"]
[White "Rebut, Paul"]
[Black "Roussel, Simon"]
[Result "0-1"]
[WhiteElo "1966"]
[BlackElo "2140"]
[WhiteFideId "45111057"]
[BlackFideId "26025710"]
[EventDate "2020.05.16"]

1. d4 Nf6 2. Bf4 e6 3. e3 c5 4. Nf3 Qb6 5. Nc3 a6 6. Rb1 Nc6 7. Be2 d5 8. O-O
cxd4 9. exd4 Be7 10. Re1 O-O 11. Bf1 Bd7 12. Ne2 Ne4 13. c3 f6 14. Ng3 e5 15.
Be3 Nxg3 16. hxg3 e4 17. Nd2 f5 18. Qb3 Qxb3 19. axb3 g5 20. f4 gxf4 21. gxf4
Kf7 22. Kf2 Rg8 23. Be2 Rg7 24. Rh1 Rag8 25. Rh2 Ke6 26. Rbh1 Bf6 27. Bf1 Rh8
28. b4 Be8 29. Nb3 Bg6 30. Nc5+ Kd6 31. Nxb7+ Rxb7 32. Bxa6 Ra7 33. Bb5 Ra2 34.
Rb1 Rb8 35. Be2 Na7 36. Bh5 Nb5 37. Kg3 Nc7 38. Bxg6 hxg6 39. Kf2 Rg8 40. Rh6
Nb5 41. Kg3 Ke6 42. Bf2 Nd6 43. Be1 g5 44. fxg5 Rxg5+ 45. Kh2 f4 46. Bh4 Rf5 47.
Bxf6 Rxf6 48. Rh5 Nf5 49. b5 Rh6 50. Rxh6+ Nxh6 51. b3 f3 52. Kh3 Rxg2 53. c4
Kf5 54. c5 Kf4 55. c6 Rg3+ 56. Kh2 Ng4+ 57. Kh1 f2 58. c7 Kf3 59. c8=Q Rh3# 0-1

[Event "ch-FRA Blitz Online Qual"]
[Site "Europe-Chess INT"]
[Date "2020.05.16"]
[Round "12"]
[White "Guadalpi, David"]
[Black "Djidjeli, Sarah"]
[Result "1-0"]
[WhiteTitle "FM"]
[WhiteElo "2272"]
[BlackElo "2074"]
[WhiteFideId "603244"]
[BlackFideId "36067474"]
[EventDate "2020.05.16"]

1. e4 c5 2. Nf3 Nc6 3. Bb5 g6 4. O-O Bg7 5. Nc3 Nf6 6. e5 Ng4 7. Bxc6 dxc6 8.
Re1 O-O 9. d3 b6 10. Bf4 Nh6 11. a4 a5 12. Ne4 Nf5 13. b3 h6 14. h3 Be6 15. Nfd2
Nd4 16. Bh2 Qd7 17. Nc4 Rab8 18. Re3 Nf5 19. Re1 Nd4 20. Ne3 Ra8 21. f4 Nf5 22.
Nxf5 Bxf5 23. Qf3 Kh7 24. Kh1 Be6 25. Re2 Qd5 26. Rf1 b5 27. Nc3 Qd7 28. Qe3 c4
29. bxc4 bxc4 30. d4 Rfd8 31. Bg1 Rab8 32. Ne4 Qd5 33. Nc5 Bf5 34. Kh2 Be6 35.
g4 Rb4 36. f5 gxf5 37. gxf5 Bc8 38. f6 exf6 39. exf6 Qd6+ 40. Kh1 Bf8 41. Qe4+
Kh8 42. Rg2 Qd5 43. Qh4 Kh7 44. Be3 Rb8 45. Kg1 Bf5 46. Bxh6 Bxh6 47. Rg7+ Kh8
48. Qxh6+ 1-0

[Event "ch-FRA Blitz Online Qual"]
[Site "Europe-Chess INT"]
[Date "2020.05.16"]
[Round "12"]
[White "Ternault, Mathieu"]
[Black "Gretry, Patrice"]
[Result "1-0"]
[WhiteTitle "FM"]
[WhiteElo "2363"]
[BlackElo "2017"]
[WhiteFideId "20641532"]
[BlackFideId "624675"]
[EventDate "2020.05.16"]

1. Nf3 d5 2. e3 Nf6 3. c4 c6 4. Nc3 e6 5. b3 Bd6 6. Bb2 O-O 7. d4 Nbd7 8. Bd3 b6
9. Qc2 Re8 10. O-O Bb7 11. cxd5 exd5 12. Rad1 Rc8 13. h3 Nf8 14. Nh4 g6 15. Nf3
Qc7 16. e4 dxe4 17. Nxe4 Nxe4 18. Bxe4 Qb8 19. Rfe1 Nd7 20. Qc3 f6 21. Bd3 Rxe1+
22. Rxe1 Re8 23. Bc4+ Kg7 24. Be6 Qd8 25. d5 Ne5 26. Nxe5 fxe5 27. Rxe5 Qf6 28.
Rf5 Qxc3 29. Bxc3+ 1-0

[Event "ch-FRA Blitz Online Qual"]
[Site "Europe-Chess INT"]
[Date "2020.05.16"]
[Round "12"]
[White "Zienkiewicz, Jan"]
[Black "Razafindratsima, Timothe"]
[Result "1/2-1/2"]
[BlackTitle "FM"]
[WhiteElo "1914"]
[BlackElo "2336"]
[WhiteFideId "45116768"]
[BlackFideId "36069884"]
[EventDate "2020.05.16"]

1. e4 c5 2. Nf3 d6 3. d4 cxd4 4. Nxd4 Nf6 5. Nc3 a6 6. h3 e6 7. g4 h6 8. Bg2 g5
9. Be3 Nbd7 10. Qe2 Ne5 11. O-O-O Nfd7 12. h4 Rg8 13. hxg5 hxg5 14. Rh5 b5 15.
Rdh1 Bb7 16. Rh8 Rxh8 17. Rxh8 Qf6 18. Rh5 Nc4 19. e5 dxe5 20. Bxb7 exd4 21.
Bxg5 Bh6 22. Bxh6 dxc3 23. b3 Rb8 24. Bg5 Qg7 25. Bd5 Nce5 26. f4 Ng6 27. Bxe6
fxe6 28. Qxe6+ Ne7 29. Rh8+ Nf8 30. Qe4 Rd8 31. Rh2 Ng6 32. Re2 Rd7 33. Qa8+ Kf7
34. Qe4 Qh8 35. Qe6+ Ke8 36. f5 Qh1+ 37. Re1 Qd5 38. fxg6 Qxg5+ 39. Kb1 Kd8 40.
Qb6+ Rc7 41. Qd6+ Kc8 42. Qe6+ Kb8 43. Qb6+ Rb7 44. Qd6+ Ka7 45. Qd4+ Rb6 46. g7
Nc6 47. Qd7+ Rb7 48. Qxc6 Rxg7 49. Qxc3 Qxg4 50. Qe3+ Kb7 51. Qe4+ Qxe4 52. Rxe4
Kb6 53. Kb2 a5 54. Re6+ Kc5 55. Re5+ Kc6 56. Rh5 Rg2 57. Rh6+ Kc5 58. Rh5+ Kc6
59. Kc3 Rg3+ 60. Kb2 Rg2 1/2-1/2

[Event "ch-FRA Blitz Online Qual"]
[Site "Europe-Chess INT"]
[Date "2020.05.16"]
[Round "12"]
[White "Casas, Alexandre"]
[Black "Mallassagne, Francois-Eric"]
[Result "0-1"]
[WhiteElo "1933"]
[BlackElo "2163"]
[WhiteFideId "45173451"]
[BlackFideId "620025"]
[EventDate "2020.05.16"]

1. d4 Nf6 2. c4 e5 3. e3 e4 4. Nc3 c6 5. d5 Bb4 6. Ne2 O-O 7. a3 Bxc3+ 8. Nxc3
d6 9. Be2 c5 10. O-O a6 11. b4 b6 12. Qc2 Qe7 13. Bb2 Bf5 14. Na4 Nbd7 15. bxc5
bxc5 16. Rab1 Rab8 17. Bc3 Ne5 18. Rb3 Rfe8 19. Rfb1 Rxb3 20. Qxb3 Nfg4 21. h3
Nf6 22. Qb7 Nfd7 23. Nb6 Nf3+ 24. Kf1 h5 25. Nxd7 Bxd7 26. gxf3 Bxh3+ 27. Ke1
Qh4 28. f4 Bf5 29. Qc7 Qh1+ 30. Kd2 Qxb1 31. Qxd6 Qa2+ 32. Ke1 Qc2 33. Ba5 Qc1+
34. Bd1 Bg4 35. f3 Bxf3 36. Kf2 Qxd1 37. Qd7 Qe2+ 38. Kg3 Qg2+ 39. Kh4 Qh2+ 40.
Qh3 Qf2+ 41. Qg3 Qxg3+ 42. Kxg3 g6 43. Bc3 Rb8 44. f5 Rb3 45. Bf6 gxf5 46. Kf4
Rxa3 47. d6 Rd3 48. Ke5 a5 49. Be7 a4 50. Kxf5 a3 51. Bf6 a2 52. Bd4 Kf8 53. Ke5
cxd4 54. c5 dxe3 55. c6 a1=Q+ 56. Kf4 Bg4 57. d7 Qf1+ 58. Ke5 Qf5# 0-1

[Event "ch-FRA Blitz Online Qual"]
[Site "Europe-Chess INT"]
[Date "2020.05.16"]
[Round "12"]
[White "Hasseine, Madiane"]
[Black "Zachary, Matheo"]
[Result "0-1"]
[BlackTitle "FM"]
[WhiteElo "2157"]
[BlackElo "2334"]
[WhiteFideId "45180482"]
[BlackFideId "26024691"]
[EventDate "2020.05.16"]

1. d4 d5 2. c4 c6 3. Nc3 Nf6 4. Nf3 dxc4 5. e4 b5 6. Be2 b4 7. Na4 Nxe4 8. Bxc4
Nf6 9. O-O e6 10. Ne5 Be7 11. Qf3 O-O 12. Be3 Bb7 13. Rfd1 Qc7 14. Qg3 Nbd7 15.
Rac1 Qa5 16. b3 Rfd8 17. Bd3 Nxe5 18. dxe5 Nd5 19. Bh6 Bf8 20. Bg5 Re8 21. Be4
Nc3 22. Nxc3 bxc3 23. Qxc3 Qxa2 24. Ra1 Qe2 25. Bf3 Qb5 26. Ra5 Qb6 27. Ra4 c5
28. Be3 Bxf3 29. gxf3 Rac8 30. Rc1 Qb7 31. Kg2 Rc7 32. Rc4 Rec8 33. Qc2 Qd5 34.
Bf4 g6 35. Rd1 Qc6 36. Qd3 Be7 37. Qe3 Rd7 38. Rdc1 Rd5 39. b4 Qb5 40. bxc5
Rdxc5 41. Rxc5 Rxc5 42. Rxc5 Qxc5 43. Qb3 Qb6 44. Qc4 Qc5 45. Qa6 Bf8 46. h3 h5
47. Kg3 Qb6 48. Qc4 a5 49. Be3 Qb4 50. Qa2 a4 51. Bc1 a3 52. f4 Kg7 53. f3 Bc5
54. Kg2 Qc3 55. Qb1 a2 56. Qxa2 Qxc1 57. h4 Qg1+ 58. Kh3 Bf2 0-1

[Event "ch-FRA Blitz Online Qual"]
[Site "Europe-Chess INT"]
[Date "2020.05.16"]
[Round "12"]
[White "Auder, Benjamin"]
[Black "Nizard, Roger"]
[Result "0-1"]
[WhiteElo "1934"]
[BlackElo "2144"]
[WhiteFideId "635065"]
[BlackFideId "604569"]
[EventDate "2020.05.16"]

1. c4 c5 2. Nc3 Nc6 3. e3 Nf6 4. g3 d5 5. cxd5 Nxd5 6. Bg2 e6 7. Nge2 Be7 8. O-O
O-O 9. d4 cxd4 10. Nxd5 exd5 11. Nxd4 Nxd4 12. Qxd4 Be6 13. Rd1 Bf6 14. Qb4 Qd7
15. Bxd5 Bxd5 16. e4 a5 17. Qa3 Qg4 18. Rxd5 Qxe4 19. Qd3 Qe1+ 20. Kg2 Rad8 21.
Rb1 h5 22. Qd2 Qe4+ 0-1

[Event "ch-FRA Blitz Online Qual"]
[Site "Europe-Chess INT"]
[Date "2020.05.16"]
[Round "12"]
[White "Martinez, Felicien"]
[Black "Lucas, Arthur"]
[Result "0-1"]
[BlackTitle "FM"]
[WhiteElo "1867"]
[BlackElo "2283"]
[WhiteFideId "45141207"]
[BlackFideId "26093073"]
[EventDate "2020.05.16"]

1. c4 Nf6 2. g3 g6 3. Bg2 Bg7 4. Nc3 O-O 5. Rb1 a5 6. a3 d6 7. b4 axb4 8. axb4
e5 9. e3 Nc6 10. Nge2 Be6 11. d3 d5 12. b5 Ne7 13. c5 d4 14. exd4 exd4 15. Na4
Bd5 16. O-O Bxg2 17. Kxg2 Qd5+ 18. f3 Qa2 19. Rb4 Nfd5 20. Rc4 Nf5 21. Kg1 Nfe3
22. Bxe3 Nxe3 23. Qd2 Qxd2 0-1

[Event "ch-FRA Blitz Online Qual"]
[Site "Europe-Chess INT"]
[Date "2020.05.16"]
[Round "12"]
[White "Rousseau, Matthieu"]
[Black "Chabradze, Boris"]
[Result "1-0"]
[WhiteElo "1862"]
[BlackElo "2101"]
[WhiteFideId "26049724"]
[BlackFideId "13603019"]
[EventDate "2020.05.16"]

1. d4 Nf6 2. Bf4 d6 3. Nf3 g6 4. e3 Bf5 5. Bd3 Bxd3 6. Qxd3 Bg7 7. O-O O-O 8. c3
Nc6 9. Qd1 Re8 10. Nbd2 e5 11. dxe5 dxe5 12. Bg5 h6 13. Bh4 g5 14. Bg3 e4 15.
Nd4 Ne5 16. Qb3 b6 17. Bxe5 Rxe5 18. Nc6 Qe7 19. Nxe7+ Rxe7 20. Nc4 Rae8 21.
Rad1 Ng4 22. h3 Ne5 23. Nxe5 Bxe5 24. Rd2 Kg7 25. Rfd1 Bd6 26. Rd5 Kg6 27. Qb5
Be5 28. Qc4 Bd6 29. Qa6 f5 30. Qxa7 h5 31. Rxd6+ cxd6 32. Rxd6+ Re6 33. Qxb6 Kf6
34. Qd4+ Kf7 35. Rd7+ R8e7 36. Rxe7+ Rxe7 37. Qd5+ Kf6 38. a4 h4 39. b4 Kg6 40.
a5 f4 41. exf4 gxf4 42. Qd6+ Kf7 43. Qxf4+ Kg6 44. Qg4+ Kf7 45. Qxh4 e3 46. Qf4+
Kg6 47. fxe3 Kh5 48. g4+ Kh4 49. Kg2 Re5 50. Qh6+ 1-0

[Event "ch-FRA Blitz Online Qual"]
[Site "Europe-Chess INT"]
[Date "2020.05.16"]
[Round "12"]
[White "Meillon, Judicael"]
[Black "Spitz, Christophe"]
[Result "0-1"]
[WhiteElo "2063"]
[BlackElo "2137"]
[WhiteFideId "36044288"]
[BlackFideId "608378"]
[EventDate "2020.05.16"]

1. e4 c5 2. Nf3 g6 3. g3 Bg7 4. Bg2 Nc6 5. O-O d6 6. d3 Nf6 7. Nbd2 O-O 8. c3
Rb8 9. a4 Bd7 10. Qc2 Qc8 11. Nc4 Bh3 12. a5 Bxg2 13. Kxg2 h6 14. Rb1 b5 15.
axb6 axb6 16. b4 b5 17. Ne3 cxb4 18. cxb4 Qb7 19. Qe2 Rfc8 20. Bd2 Ra8 21. Rfc1
Ra2 22. Nd5 Nxd5 23. exd5 Ne5 24. Rxc8+ Qxc8 25. Nxe5 Bxe5 26. Qe3 Qc2 27. Rf1
Qxd2 28. Qb6 Qxd3 29. Qd8+ Kg7 30. Qxe7 Qxd5+ 31. Kg1 Qc4 32. h4 Qxb4 33. h5 Qg4
34. hxg6 Qxg6 35. Qh4 Qg5 36. Qh3 h5 37. Rb1 Rb2 38. Ra1 Rxf2 39. Kxf2 Bxa1 40.
Qd7 Bd4+ 41. Kg2 Qd5+ 42. Kh2 Qe5 43. Kg2 Qe4+ 44. Kh2 Qe2+ 45. Kh3 Qg4+ 46.
Qxg4+ hxg4+ 47. Kxg4 b4 48. Kf3 b3 49. Kf4 b2 50. g4 b1=Q 51. Kg5 Qc1+ 52. Kh5
Qh1+ 53. Kg5 Qh6+ 54. Kf5 Qe6+ 55. Kg5 Bf6+ 56. Kh5 Qe5+ 57. g5 Qxg5# 0-1

[Event "ch-FRA Blitz Online Qual"]
[Site "Europe-Chess INT"]
[Date "2020.05.16"]
[Round "12"]
[White "Janzelj, Lara"]
[Black "Partac, Elena"]
[Result "1-0"]
[WhiteTitle "WIM"]
[BlackTitle "WGM"]
[WhiteElo "2210"]
[BlackElo "2079"]
[WhiteFideId "14608391"]
[BlackFideId "13901001"]
[EventDate "2020.05.16"]

1. d4 Nf6 2. c4 e6 3. Nf3 Bb4+ 4. Nbd2 b6 5. a3 Bxd2+ 6. Qxd2 Bb7 7. g3 O-O 8.
Bg2 Ne4 9. Qc2 f5 10. O-O d6 11. Rd1 Nd7 12. d5 e5 13. b4 h6 14. Nh4 Qf6 15. Be3
Ng5 16. Nf3 Nxf3+ 17. Bxf3 Qg6 18. c5 bxc5 19. bxc5 Nf6 20. cxd6 cxd6 21. Qc7 f4
22. Bxf4 Bxd5 23. Bxd5+ Nxd5 24. Rxd5 exf4 25. Rxd6 Qe4 26. Rd7 Qg6 27. Rad1
fxg3 28. hxg3 Qf6 29. f3 Rae8 30. Kf2 Qg5 31. Qc4+ Kh8 32. Qd4 h5 33. Rh1 Rf5
34. Rxh5+ Qxh5 35. Qxg7# 1-0

[Event "ch-FRA Blitz Online Qual"]
[Site "Europe-Chess INT"]
[Date "2020.05.16"]
[Round "12"]
[White "Trabet, Mathis"]
[Black "Khachatryan, Samvel S."]
[Result "1-0"]
[WhiteElo "2118"]
[BlackElo "2179"]
[WhiteFideId "36041289"]
[BlackFideId "13309048"]
[EventDate "2020.05.16"]

1. d4 Nf6 2. c4 e6 3. Nc3 c5 4. e3 cxd4 5. exd4 d5 6. Nf3 Be7 7. b3 O-O 8. Be2
b6 9. O-O Bb7 10. Bb2 Nc6 11. Rc1 Rc8 12. Qd2 dxc4 13. bxc4 Qc7 14. Rfd1 Rfd8
15. d5 exd5 16. Nxd5 Nxd5 17. cxd5 Qb8 18. Qe3 Bc5 19. Qg5 Nd4 20. Nxd4 Rxd5 21.
Nf5 g6 22. Nh6+ Kf8 23. Rxd5 Bxd5 24. Qxd5 Rd8 25. Qxf7# 1-0

[Event "ch-FRA Blitz Online Qual"]
[Site "Europe-Chess INT"]
[Date "2020.05.16"]
[Round "12"]
[White "Dumas, Charles"]
[Black "Nineuil, Vincent"]
[Result "0-1"]
[WhiteElo "2284"]
[BlackElo "1920"]
[WhiteFideId "675733"]
[BlackFideId "688380"]
[EventDate "2020.05.16"]

1. e4 c5 2. Nf3 d6 3. Bb5+ Nd7 4. O-O a6 5. Bd3 Ngf6 6. Re1 g6 7. c3 Qc7 8. Bf1
Bg7 9. d4 cxd4 10. cxd4 e5 11. Nc3 O-O 12. Be3 b5 13. Rc1 Qb8 14. Bg5 Bb7 15.
Nd5 Nxd5 16. exd5 Bxd5 17. dxe5 Bxf3 18. Qxf3 dxe5 19. Red1 Nb6 20. Bd3 f5 21.
Bc2 e4 22. Bb3+ Kh8 23. Qe3 Bxb2 24. Rc6 Na4 25. Rxg6 Qe8 26. Rh6 Bg7 27. Rh4
Qg6 28. Rd7 Rac8 29. h3 Nc5 30. Rxg7 Qxg7 31. Bh6 Qg6 32. Qd4+ Qf6 33. Qxf6+
Rxf6 34. Bf4 Nxb3 35. Be5 Rc6 36. axb3 Kg7 37. g4 fxg4 38. hxg4 h6 39. Rh5 Kf7
40. Bxf6 Rxf6 41. Re5 Re6 42. Rf5+ Kg6 43. Rc5 Rd6 44. b4 Rd4 45. Rc6+ Kg5 46.
Rxa6 Rxb4 47. Rb6 Kxg4 48. Rxh6 Kf3 49. Rh3+ Ke2 50. Re3+ Kd2 51. Kf1 Rd4 52.
Rb3 b4 53. Rb2+ Kc3 54. Rb1 b3 55. Ke2 Kc2 0-1

[Event "ch-FRA Blitz Online Qual"]
[Site "Europe-Chess INT"]
[Date "2020.05.16"]
[Round "12"]
[White "Geronimi, Jean-Thomas"]
[Black "Robert, Mathias"]
[Result "0-1"]
[WhiteElo "1827"]
[BlackElo "2140"]
[WhiteFideId "36098515"]
[BlackFideId "26066769"]
[EventDate "2020.05.16"]

1. e4 c5 2. Nf3 Nc6 3. d4 cxd4 4. Nxd4 e5 5. Nb5 d6 6. N1c3 a6 7. Na3 Be7 8. Nd5
Nf6 9. Nc4 Nxd5 10. exd5 Nb8 11. Be3 Nd7 12. Be2 O-O 13. O-O f5 14. f4 b5 15.
Na3 Bf6 16. c3 Re8 17. Re1 Bb7 18. Qd3 exf4 19. Bxf4 Qb6+ 20. Kh1 Re4 21. Bg3
Nc5 22. Qd2 Rae8 23. Bf3 Rxe1+ 24. Rxe1 Ne4 25. Bxe4 fxe4 26. Qf4 Bxd5 27. Qxd6
Qxd6 28. Bxd6 e3 29. Nc2 e2 30. b3 Bxc3 31. Bb4 Bxe1 32. Nxe1 a5 33. Bd2 Rf8 34.
h3 a4 35. bxa4 bxa4 36. a3 Kf7 37. Kh2 Ke6 38. Kg3 Be4 39. Nf3 Bxf3 40. gxf3 Rd8
41. Be1 Rd3 42. Kf2 Rxa3 43. Kxe2 Ra2+ 44. Ke3 a3 45. Bb4 Rb2 46. Bc5 a2 47. Bd4
a1=Q 48. Bxb2 Qxb2 0-1

[Event "ch-FRA Blitz Online Qual"]
[Site "Europe-Chess INT"]
[Date "2020.05.16"]
[Round "12"]
[White "Spagnoli, Benjamin"]
[Black "Soubirou, Oriane"]
[Result "1/2-1/2"]
[WhiteElo "1770"]
[BlackElo "2144"]
[WhiteFideId "20667116"]
[BlackFideId "686034"]
[EventDate "2020.05.16"]

1. d4 Nf6 2. c4 c5 3. d5 b5 4. cxb5 a6 5. bxa6 Bxa6 6. Nc3 d6 7. Nf3 g6 8. g3
Bg7 9. Bg2 O-O 10. Rb1 Nbd7 11. b3 Qa5 12. Qd2 Rfb8 13. O-O c4 14. b4 Rxb4 15.
Rxb4 Qxb4 16. Nd4 Ne5 17. Nc6 Nxc6 18. dxc6 Ra7 19. Qd4 Rc7 20. Bd2 Ne8 21. Qe3
e6 22. Nd5 Qb8 23. Nxc7 Qxc7 24. Bc3 d5 25. Rb1 Bxc3 26. Qxc3 Qxc6 27. Rb8 Bc8
28. a4 f6 29. a5 Kf7 30. a6 Bxa6 31. e4 Qc7 32. Rb4 Bb7 33. exd5 Bxd5 34. Bxd5
exd5 35. h4 Nd6 36. Qd4 Qc6 37. Kh2 Nf5 38. Qa7+ Ne7 39. Rb7 Qe6 40. Rb6 Qe5 41.
f4 Qe2+ 42. Kh3 h5 43. Rb7 Qg4+ 44. Kh2 Qe2+ 45. Kh3 Qg4+ 46. Kh2 Qe6 47. Qd4
Qe2+ 48. Kh3 Qg4+ 49. Kh2 Qe2+ 50. Kh3 Qg4+ 51. Kh2 Qe2+ 1/2-1/2

[Event "ch-FRA Blitz Online Qual"]
[Site "Europe-Chess INT"]
[Date "2020.05.16"]
[Round "12"]
[White "Rouast, Joseph"]
[Black "Djidjeli, Sofiane"]
[Result "0-1"]
[WhiteElo "1808"]
[BlackElo "2209"]
[WhiteFideId "45147000"]
[BlackFideId "36067520"]
[EventDate "2020.05.16"]

1. d4 d5 2. c4 c6 3. Nf3 Nf6 4. Nc3 dxc4 5. a4 Bf5 6. e3 e6 7. Bxc4 Bb4 8. O-O
O-O 9. Qe2 Nbd7 10. e4 Bg6 11. Bd3 Bh5 12. e5 Nd5 13. Nxd5 cxd5 14. Qe3 Be7 15.
Bd2 Nb8 16. Ne1 Nc6 17. f4 Rc8 18. Kh1 f5 19. exf6 Rxf6 20. Nf3 Bxf3 21. Qxf3
Nxd4 22. Qf2 Nb3 23. Rae1 Nxd2 24. Qxd2 Bd6 25. Bb1 Qf8 26. f5 Bb4 27. Qd3 Bxe1
28. Rxe1 Rxf5 29. h3 Rc6 30. Kh2 Qd6+ 31. Kh1 Qf4 32. Kg1 Qf2+ 33. Kh2 Qxe1 0-1